Bowie.
Uloženo v:
| Hlavní autor: | |
|---|---|
| Další autoři: | , |
| Médium: | Neznámo |
| Jazyk: | angličtina |
| Vydáno: |
Madrid, España:
Sexto piso,
2016.
|
| Témata: | |
| Tagy: |
Přidat tag
Žádné tagy, Buďte první, kdo vytvoří štítek k tomuto záznamu!
|
MARC
| LEADER | 00000 a2200000 4500 | ||
|---|---|---|---|
| 003 | CL-VaPUC | ||
| 005 | 20230607090106.0 | ||
| 008 | 230531t2016 ||||| |||| 00| 0 eng d | ||
| 999 | |c 440757 |d 440755 | ||
| 020 | |a 978-84-16677-05-4 | ||
| 040 | |c Pontificia Universidad Católica de Valparaíso | ||
| 082 | |2 22 |a 781.66092 BOW 2016 | ||
| 100 | |9 470461 |a Critchley, Simon |e autor | ||
| 245 | |a Bowie. | ||
| 260 | |a Madrid, España: |b Sexto piso, |c 2016. | ||
| 300 | |a 115 páginas. | ||
| 583 | |k Catalogador Asistente |c 20230531 | ||
| 600 | 0 | |9 449251 |a Bowie, David, |d 1947-2016 |q Robert Jones, David |e Cantautor y diseñador británico |v Crítica e interpretación |x Aspectos musicales y filosóficos | |
| 650 | 0 | |9 530750 |a Música rock |v Biografías |y Siglo 20 | |
| 700 | |9 882697 |a Hanson, Eric |e ilustraciones | ||
| 700 | |9 882698 |a Pellisa, Inga |e traducción | ||
| 942 | |2 ddc |c BK | ||
| 952 | |0 0 |1 0 |2 ddc |4 0 |6 781_660920000000000_BOW_2016 |7 0 |8 A |9 590178 |a BIBART |b BIBART |c GEN |d 2023-05-25 |e 181 |g 13700.00 |i 5657527 |o 781.66092 BOW 2016 |p 5657527 |r 2025-03-13 |t 1 |v 13700.00 |w 2023-05-25 |y BK |k ART | ||